Against the grain : (Record no. 23337)

MARC details
000 -LEADER
fixed length control field 00700nam a2200241 i 4500
001 - CONTROL NUMBER
control field C2-0101489
003 - CONTROL NUMBER IDENTIFIER
control field PPAK
005 - DATE AND TIME OF LATEST TRANSACTION
control field 20180727095727.0
008 - FIXED-LENGTH DATA ELEMENTS--GENERAL INFORMATION
fixed length control field 970601s1990 nyua|||| ||||| | eng d
020 ## - INTERNATIONAL STANDARD BOOK NUMBER
International Standard Book Number 0671700553
040 ## - CATALOGING SOURCE
Original cataloging agency PPAK
Language of cataloging eng
Transcribing agency PPAK
Description conventions rda
082 04 - DEWEY DECIMAL CLASSIFICATION NUMBER
Classification number 947.0854092
Edition number 23
090 00 - LOCALLY ASSIGNED LC-TYPE CALL NUMBER (OCLC); LOCAL CALL NUMBER (RLIN)
Classification number (OCLC) (R) ; Classification number, CALL (RLIN) (NR) 947.0854092
Feature heading YEL
Feature heading G
100 1# - MAIN ENTRY--PERSONAL NAME
Personal name Yeltsin, Boris,
Relator term author
245 10 - TITLE STATEMENT
Title Against the grain :
Remainder of title an autobiography
264 #1 - PRODUCTION, PUBLICATION, DISTRIBUTION, MANUFACTURE, AND COPYRIGHT NOTICE
Place of production, publication, distribution, manufacture New York :
Name of producer, publisher, distributor, manufacturer Summit Books ,
Date of production, publication, distribution, manufacture, or copyright notice 1990
300 ## - PHYSICAL DESCRIPTION
Extent 263 pages :
Other physical details illustrations ;
Dimensions 25 cm
336 ## - CONTENT TYPE
Source rdacontent
Content type term text
337 ## - MEDIA TYPE
Source rdamedia
Media type term unmediated
338 ## - CARRIER TYPE
Source rdacarrier
Carrier type term volume
650 10 - SUBJECT ADDED ENTRY--TOPICAL TERM
Topical term or geographic name entry element Presidents - Russia ( Federation ) - Biography
942 ## - ADDED ENTRY ELEMENTS (KOHA)
-- dc
Koha item type Book
Holdings
Withdrawn Not for loan Current library Shelving location Date acquired Full call number Barcode Date last seen Koha item type
    Perpustakaan Alor Setar Pinjaman Dewasa 27/07/1997 947.0854092 YEL A00040659 08/05/2018 Book
    Perpustakaan Alor Setar Pinjaman Dewasa 27/07/1997 947.0854092 YEL A00040658 08/05/2018 Book
    Perpustakaan Awam Sungai Petani Pinjaman Dewasa 11/02/2004 947.0854092 YEL A00418122 08/05/2018 Book